LEADER 01226nam0 22002891i 450 001 UON00455685 005 20231205105102.985 010 $a88-87605-88-2 100 $a20150611d2002 |0itac50 ba 101 $aita 102 $aIT 105 $a|||| ||||| 200 1 $aAfrica equatoriale francese fra colonialismo e fermenti rivoluzionari$fBianca Maria Carcangiu 210 $aTorino$cL'Harmattan Italia$d[2002] 215 $a329 p.$d20 cm 316 $adono Prof.ssa Ercolessi$5IT-UONSI AC AfrST/077 410 1$1001UON00067911$12001 $aˆIl ‰politico e la memoria 606 $aAFRICA EQUATORIALE$xColonie francesi$x1919-1939$3UONC087702$2FI 620 $aIT$dTorino$3UONL000014 700 1$aCARCANGIU$bBianca Maria$3UONV044976$0714270 712 $aHarmattan Italia$3UONV258502$4650 801 $aIT$bSOL$c20241122$gRICA 899 $aSIBA - SISTEMA BIBLIOTECARIO DI ATENEO$2UONSI 912 $aUON00455685 950 $aSIBA - SISTEMA BIBLIOTECARIO DI ATENEO$dSI AC Afr ST 077 $eSI 14050 5 077 dono Prof.ssa Ercolessi 996 $aAfrica equatoriale francese fra colonialismo e fermenti rivoluzionari$91322828 997 $aUNIOR